| 000 | 00500nam a2200145Ia 4500 | ||
|---|---|---|---|
| 008 | 180921t1890 xxu||||| ||||o00| 0 eng d | ||
| 041 | _aeng | ||
| 245 | _aPapers Laid Before The Legislative Council of Ceylon During The Session of 1889-1890 : Grain Tax Settlement.Report on The Revision of The Commutation of Talpe Pattu,Galle District. | ||
| 260 | _c1890 | ||
| 300 | _ap.251, 33 cm | ||
| 500 | _aSessional Paper xi-1890 | ||
| 942 | _cBK | ||
| 999 |
_c51464 _d51464 |
||
| 003 | LK-CoDNM | ||
| 040 |
_aLK-CoDNM _dLK-CoDNM _eLK-CoDNM |
||